| 000 | 00933nam a2200253 a 4500 | ||
|---|---|---|---|
| 001 | 16641 | ||
| 003 | BD-RjUL | ||
| 005 | 20211209000032.0 | ||
| 008 | 140215s19754 ja a f 000 0 eng d | ||
| 035 | _a(BD-RjUL)16696 | ||
| 040 |
_aBD-RjUL _beng _cBD-RjUL _dBD-RjUL |
||
| 041 | 1 | _a"translation is not guaranteed" | |
| 082 |
_a669.23 _bJIS 1974 |
||
| 245 | 0 | 0 |
_aJIS hand book : _bferrous materials and metallurgy / _cedited and published by Japanese Standards Association |
| 260 |
_aTokyo : _bJapanese Standards Association, _c1974 |
||
| 300 |
_a1331 p : _bill ; _c22 cm |
||
| 506 | _aNot for sale | ||
| 650 | 0 |
_aIron industry and trade _zJapan _xHandbooks, manuals, etc _951410 |
|
| 650 | 0 |
_aSteel industry and trade _zJapan _xHandbooks, manuals, etc _951411 |
|
| 650 | 0 |
_aMetallurgy - Handbooks, manuals, etc. _939619 |
|
| 710 | 2 |
_aNihon Kikaku Kyōkai. _951412 |
|
| 710 | 2 |
_aNihon Tekkō Yushutsu Kumiai. _951413 |
|
| 942 |
_2ddc _cBK |
||
| 999 |
_c16641 _d16641 |
||